[Event "Madrid"]
[Site "Madrid"]
[Date "1994.??.??"]
[Round "9"]
[White "Magem Badals, Jordi"]
[Black "Polgar, Judit"]
[Result "1/2-1/2"]
[WhiteElo "2505"]
[BlackElo "2630"]
[Annotator "Blatny,P"]
[PlyCount "72"]
[EventDate "1994.05.??"]
[EventType "tourn"]
[EventRounds "9"]
[EventCountry "ESP"]
[EventCategory "15"]
[SourceTitle "CBM 041"]
[Source "ChessBase"]
[SourceDate "1994.08.01"]
[SourceVersion "1"]
[SourceVersionDate "1994.08.01"]
[SourceQuality "1"]

1. e4 c5 2. Nf3 Qc7 3. c3 b6 $6 4. d4 Bb7 5. Bd3 e6 6. O-O Ne7 7. a4 Nbc6 8.
Na3 a6 9. Be3 Ng6 10. d5 Nd8 $6 (10... Nce5 11. Nxe5 Nxe5 12. Be2 exd5 13. exd5
d6 14. f4 Nd7 $14) 11. a5 bxa5 (11... exd5 12. exd5 Bxd5 $2 13. Bxg6 $18) (
11... b5 12. Bxb5 $2 axb5 13. Nxb5 Qc8 14. d6 f6 15. Nc7+ Kf7 16. Bxc5 Bxe4 17.
a6 $18) 12. Be2 Nf4 13. Bxf4 Qxf4 14. Nc4 $1 Qc7 (14... Qxe4 $2 15. Nb6 Rb8 16.
dxe6 Qxe6 17. Re1 $18) 15. Re1 Ra7 (15... d6 16. Qa4+ Ke7 17. e5 $40) 16. Bf1
g6 17. Qa4 (17. Qd2 $5 Bg7 18. dxe6 dxe6 19. Nd6+ Ke7 20. Rad1 $40) 17... f6
18. Rad1 $6 (18. dxe6 $5 Nxe6 19. Nxa5 Ba8 20. Bc4 $16) 18... e5 19. d6 Qb8 20.
Qxa5 Ne6 21. Qa2 (21. Qb6) (21. g3 $5 Bg7 22. Bh3 $36) 21... Bc8 22. Na5 $6 (
22. g3 $5) 22... Bxd6 23. Bc4 Qc7 (23... O-O $2 24. Bxe6+ dxe6 25. Nc6 $18) 24.
Rd2 Be7 (24... O-O $2 25. Red1 Be7 26. Rxd7 Bxd7 27. Rxd7 $18) 25. Red1 Kf8 26.
Ne1 Kg7 27. Nc2 Bd8 28. Nb3 Re8 29. Ne3 Nf4 30. Qa3 Qc6 31. Nxc5 $2 (31. f3 Be7
32. g3 Ne6 33. Kg2 $14) 31... Be7 32. b4 Bxc5 33. bxc5 Qxe4 34. Rd6 Bb7 $2 (
34... Rb7 $6 35. c6 $1 dxc6 36. Qc5 $36 Rb1 $2 37. f3 $18) (34... Qb7 $142) 35.
Rxd7+ Kh6 $2 (35... Kh8 $142) 36. Qc1 $138 {Magem had approximately 4 seconds
left} Nh3+ {Judith offered a draw.} (36... Nh3+ 37. Kf1 Ng5 38. f3 $18 Qf4 (
38... Qh4 39. Ng4+ Kh5 40. Rxh7+ Nxh7 41. Qh6#) 39. Ng4+ Kh5 40. Nxf6+ Kh6 (
40... Qxf6 41. Rxh7+ Nxh7 42. g4+ Kh4 43. Qh6#) 41. Qxf4 exf4 42. Nxe8) (36...
Qxc4 $2 37. Nxc4 $18 {And now Ne2+ is not possible.}) 1/2-1/2

[Event "SUI-ch int"]
[Site "Arosa"]
[Date "1996.07.08"]
[Round "1"]
[White "Wirthensohn, Heinz"]
[Black "Karlsson, Lars"]
[Result "1/2-1/2"]
[WhiteElo "2415"]
[BlackElo "2470"]
[Annotator "Bulletin"]
[PlyCount "74"]
[EventDate "1996.07.08"]
[EventType "tourn"]
[EventRounds "11"]
[EventCountry "SUI"]
[EventCategory "9"]
[SourceTitle "EXT 2006"]
[Source "ChessBase"]
[SourceDate "2005.11.24"]
[SourceVersion "1"]
[SourceVersionDate "2005.11.24"]
[SourceQuality "1"]

1. Nf3 b6 2. e4 Bb7 3. Nc3 e6 4. d4 Bb4 5. Bd3 Nf6 6. Qe2 d5 7. exd5 Qxd5 8.
O-O Bxc3 9. bxc3 O-O 10. Bf4 c5 11. c4 Qh5 12. c3 Nbd7 13. Rfe1 Rfe8 14. h3
Rad8 15. Rad1 Bc6 16. Qe3 Bxf3 17. Qxf3 Qxf3 18. gxf3 Nf8 19. Be3 N6d7 20. f4
Rc8 21. a4 Red8 22. a5 Ng6 23. Rb1 Ne7 24. Red1 Nc6 25. axb6 axb6 26. Be2 g6
27. dxc5 bxc5 28. Rb7 $2 (28. Rb5 $142) 28... Nf6 29. Ra1 Ne4 30. Bf3 Nd6 31.
Rb6 Ne7 32. Ra7 Nef5 33. Be2 Nxe3 34. fxe3 Ne4 35. Bf3 Nd2 36. Be2 Ne4 37. Bf3
Nd2 1/2-1/2

[Event "BUL-ch"]
[Site "Sofia"]
[Date "1996.??.??"]
[Round "5"]
[White "Spasov, Vasil"]
[Black "Delchev, Aleksander"]
[Result "1/2-1/2"]
[WhiteElo "2575"]
[BlackElo "2510"]
[Annotator "Bulletin"]
[PlyCount "73"]
[EventDate "1996.??.??"]
[EventType "k.o."]
[EventRounds "5"]
[EventCountry "BUL"]
[SourceTitle "EXT 1999"]
[Source "ChessBase"]
[SourceDate "1998.11.16"]
[SourceVersion "1"]
[SourceVersionDate "1998.11.16"]
[SourceQuality "1"]

1. e4 c5 2. Nf3 e6 3. c3 b6 (3... Nc6 $145 4. Bb5 Nf6 5. d3 d5) 4. d4 (4. Bb5
$145 Bb7 5. d3 Nc6 6. O-O d5 7. exd5 exd5 8. Re1+ Nge7) 4... Bb7 5. Bd3 (5.
Nbd2 $145 d5 6. dxc5 Bxc5 7. Bb5+ Nc6 8. O-O Nf6) 5... cxd4 6. cxd4 Nf6 (6...
d5 $145 7. exd5 Bxd5 8. Nc3 Nc6 9. Bg5 Be7 10. Nxd5 Qxd5) 7. Nc3 (7. e5 $145
Nd5 8. O-O Be7 9. Nbd2 O-O 10. Ne4) 7... Bb4 (7... d5 $145) 8. Qe2 (8. e5 $145
Nd5 9. Bd2 Nxc3 10. bxc3 Be7 11. O-O O-O) 8... d5 9. e5 (9. exd5 $145) 9... Ne4
10. Bd2 Bxc3 11. Bxc3 Nxc3 12. bxc3 O-O 13. O-O Nc6 14. Qc2 h6 15. Qe2 Rc8 16.
Rac1 Re8 17. h4 Nb8 18. Bb1 Nd7 19. Nh2 Nf8 20. Qh5 Re7 21. Rfe1 Re8 22. Qg4
Kh8 23. Re3 Nh7 24. Bxh7 Kxh7 25. Qf4 f5 26. exf6 Qxf6 27. Qg4 e5 28. dxe5 Rxe5
29. Nf3 Rf5 30. Rce1 Rc4 31. Nd4 Bc8 32. Re8 Bd7 33. R8e3 Ra4 34. h5 Kg8 35.
Qg6 Qxg6 36. hxg6 Rf8 37. Re7 1/2-1/2

[Event "BCF-ch 79th"]
[Site "Plymouth"]
[Date "1992.??.??"]
[Round "5"]
[White "Mestel, A Jonathan"]
[Black "Basman, Michael J"]
[Result "1-0"]
[WhiteElo "2510"]
[BlackElo "2365"]
[Annotator "Bulletin"]
[PlyCount "70"]
[EventDate "1992.08.??"]
[EventType "swiss"]
[EventRounds "11"]
[EventCountry "ENG"]
[SourceTitle "CBM 030 Extra"]
[Source "ChessBase"]
[SourceDate "1992.11.01"]
[SourceVersion "1"]
[SourceVersionDate "1992.11.01"]
[SourceQuality "1"]

1. e4 h6 2. d4 c5 3. d5 d6 4. Nc3 g5 5. Be2 Nf6 6. Nf3 Nbd7 {[ The Basman
version of the Benoni, positionally well motivated by the strongpost on e5 but
on the downside, the kingside pawns are weakened ]} 7. a4 a6 8. h4 g4 9. Nd2
Ne5 $2 {[ After this Black seems to be positionally lost since White
systematically gangs up on the g pawn. 9..h5 was better but then White could
continue with Nf1-g3 and Bg5 with some advantage. ]} 10. h5 $1 {[#]} g3 {
[ One of Basman's pupils predicted this in the commentary room but it does not
help ]} 11. f3 Rg8 12. Nf1 Bd7 13. Bf4 Qb6 14. Qc1 e6 {[ Black attempts to
expose the White king ]} 15. Nxg3 O-O-O 16. Kf2 exd5 17. exd5 Re8 18. Qd2 {
[ Now White has a very strong plan of a5 Na4 and after the exchange of knight
for the Bd7 the f5 square drops off and with it the Black position ]} Bg7 19.
a5 Qc7 20. Na4 Bh8 21. Nb6+ Kb8 22. Rae1 c4 {[ Black's play becomes
increasingly desperate but he has no play at all ]} 23. Qb4 $1 Rxg3 {[ The
best chance to keep the game going ]} 24. Kxg3 (24. Bxg3 Neg4+ 25. fxg4 Ne4+
26. Kf3 Bxg4+ 27. Kxg4 Rg8+) 24... Bb5 25. Kf2 Neg4+ 26. fxg4 Ne4+ 27. Kf3 Bd4
28. Bxc4 Bc5 29. Qb3 f5 {[ Basman was in time pressure so he gives it one last
fling ]} 30. gxf5 Qg7 31. Bxb5 Rg8 32. g3 Nd2+ 33. Bxd2 Qxg3+ 34. Ke2 Qg2+ 35.
Kd1 axb5 1-0

[Event "Hoogovens"]
[Site "Wijk aan Zee"]
[Date "1984.01.14"]
[Round "2"]
[White "Ligterink, Gert"]
[Black "Miles, Anthony John"]
[Result "0-1"]
[WhiteElo "2445"]
[BlackElo "2565"]
[Annotator "Bulletin"]
[PlyCount "34"]
[EventDate "1984.01.13"]
[EventType "tourn"]
[EventRounds "13"]
[EventCountry "NED"]
[EventCategory "13"]
[SourceTitle "MCL"]
[Source "ChessBase"]
[SourceDate "1999.07.01"]
[SourceVersion "1"]
[SourceVersionDate "1999.07.01"]
[SourceQuality "1"]

1. e4 Nc6 2. Nf3 d6 3. d4 Nf6 4. Nc3 Bg4 5. Bb5 a6 6. Bxc6+ bxc6 7. h3 Bh5 8.
Qe2 e6 9. g4 Bg6 10. Bg5 (10. Nh4 $5) 10... Be7 11. O-O-O h6 (11... Nxe4 $5 12.
Nxe4 Bxe4 13. Bxe7 Bxf3 14. Qxf3 Kxe7 15. Qxc6 Qd7 16. Qxd7+ Kxd7 $15 {[+]})
12. Bf4 (12. Bh4 Nxe4) 12... Qb8 $1 $36 13. Kb1 Qb4 14. Bc1 Rb8 15. b3 $4 Qxc3
16. Bd2 Nxe4 $19 17. Be1 O-O (17... O-O 18. Rd3 (18. h4 Nd2+ $1 19. Rxd2 Rxb3+
20. axb3 Qxb3+ 21. Kc1 Qa3+ $19) 18... Qc4 $19) 0-1

[Event "Bugojno"]
[Site "Bugojno"]
[Date "1978.03.03"]
[Round "5"]
[White "Huebner, Robert"]
[Black "Larsen, Bent"]
[Result "1/2-1/2"]
[WhiteElo "2595"]
[BlackElo "2620"]
[Annotator "Bulletin"]
[PlyCount "98"]
[EventDate "1978.02.27"]
[EventType "tourn"]
[EventRounds "15"]
[EventCountry "YUG"]
[EventCategory "14"]
[SourceTitle "MCL"]
[Source "ChessBase"]
[SourceDate "1999.07.01"]
[SourceVersion "1"]
[SourceVersionDate "1999.07.01"]
[SourceQuality "1"]

1. d4 e6 2. e4 b6 3. Nf3 Bb7 4. Bd3 c5 5. c3 (5. O-O cxd4 6. Nxd4 Nc6 7. Nxc6
Bxc6 8. Nc3 Bc5 9. Qe2 Ne7 10. Be3 O-O $10 {Westerinen-Larsen, Genf 1977}) 5...
Nf6 6. Qe2 (6. Nbd2 cxd4 7. cxd4 Nc6 (7... d5 8. e5 Ne4) 8. e5 Nd5 9. Be4 Ba6
$5 10. Bxd5 exd5 11. a3 $14) 6... cxd4 7. cxd4 Bb4+ 8. Nbd2 (8. Bd2 Bxd2+ 9.
Nbxd2 a5 $5) 8... d5 9. e5 Nfd7 10. O-O a5 $1 11. Rd1 Ba6 12. Nf1 Bxd3 13. Rxd3
Nc6 14. Ng5 $16 Be7 15. Qg4 {/\16.Nxf7 Kxf7 17.Rf3+ /\16.Nxe6+} (15. Qh5 $1 g6
16. Qh6 Bf8 17. Qh3 $16) 15... h5 16. Qg3 Nf8 $1 17. h4 (17. Rf3 Bxg5) 17...
Qd7 $1 18. Be3 Ng6 19. Rc3 Bd8 {/\...Nce7, Nf5} 20. Qf3 Bxg5 (20... Nxh4 21.
Qxf7+) 21. hxg5 Rc8 22. Ng3 Nh4 23. Qe2 g6 24. Qb5 $14 Ne7 25. Qxb6 Rxc3 26.
bxc3 O-O 27. Rb1 (27. Qxa5 Rb8 {/\..Qb7, ..Qb2}) 27... a4 28. Qb7 Qxb7 29. Rxb7
Nhf5 30. Nxf5 (30. Ne2 Ra8 $13) 30... Nxf5 31. Bd2 Rc8 32. Kf1 (32. g3) (32.
Ra7 Rb8 33. Rxa4 Rb1+ 34. Kh2 Rb2 35. Be3 Rc2) 32... h4 $1 33. Ke2 Ra8 34. Bc1
Kg7 35. Ba3 Rh8 36. Bc1 (36. Be7 Nxe7 37. Rxe7 Rb8) 36... h3 37. gxh3 Rxh3 38.
Bd2 Rh2 $1 39. Bf4 Rh4 40. Bd2 Rh2 41. Kf3 Rh3+ 42. Kg2 Rd3 {*} 43. Rb2 a3 44.
Rc2 Kf8 45. Kf1 Ke8 46. Bc1 Kd7 47. Ke2 (47. Bxa3 Nxd4) 47... Rh3 48. Kf1 Rd3
49. Ke1 Rf3 1/2-1/2

[Event "Seville op"]
[Site "Seville"]
[Date "1993.??.??"]
[Round "8"]
[White "Campora, Daniel Hugo"]
[Black "Miles, Anthony John"]
[Result "0-1"]
[WhiteElo "2550"]
[BlackElo "2565"]
[Annotator "Bulletin"]
[PlyCount "68"]
[EventDate "1993.01.??"]
[EventType "swiss"]
[EventRounds "10"]
[EventCountry "ESP"]
[SourceTitle "CBM 038"]
[Source "ChessBase"]
[SourceDate "1994.02.01"]
[SourceVersion "1"]
[SourceVersionDate "1994.02.01"]
[SourceQuality "1"]

1. e4 Nc6 2. d4 e5 3. d5 Nce7 4. Be3 f5 5. f3 Nf6 6. Nc3 d6 7. Qd2 g6 8. O-O-O
Bg7 9. h3 f4 10. Bf2 O-O 11. Kb1 a6 12. Nge2 Bd7 13. Nc1 b5 14. a3 Qb8 15. Nb3
Rd8 16. Na5 c5 17. dxc6 Nxc6 18. Nxc6 Bxc6 19. Bh4 Rd7 20. Bxf6 Bxf6 21. Nd5
Bh4 22. Nb4 Bb7 23. c4 Kg7 24. Bd3 (24. cxb5 axb5 25. Bd3 $14 {/\ Qe2}) 24...
a5 25. Na2 b4 $1 26. axb4 axb4 27. Qxb4 Bf2 28. Nc3 Bd4 29. Kc2 Qc8 30. Nb5 Bc5
31. Qb3 Ba6 32. Ra1 Be3 33. Rhd1 Rb7 $1 34. Nxd6 Rxb3 (34... Rxb3 35. Nxc8 Rab8
$1 {/\ Rxb2} 36. Rdb1 Bxc8) 0-1

[Event "British CF-72 Championship"]
[Site "Edinburgh"]
[Date "1985.08.02"]
[Round "5"]
[White "Prasad, Devaki V"]
[Black "Rogers, Ian"]
[Result "0-1"]
[WhiteElo "2395"]
[BlackElo "2510"]
[Annotator "Bulletin"]
[PlyCount "39"]
[EventDate "1985.07.29"]
[EventType "swiss"]
[EventRounds "11"]
[EventCountry "SCO"]
[SourceTitle "EXT 1999"]
[Source "ChessBase"]
[SourceDate "1998.11.16"]
[SourceVersion "1"]
[SourceVersionDate "1998.11.16"]
[SourceQuality "1"]

1. e4 Nc6 2. d4 d5 3. Nc3 dxe4 4. d5 Ne5 5. Bf4 Ng6 6. Bg3 a6 7. h4 e5 8. dxe6
Bxe6 9. h5 N6e7 10. Nxe4 Nd5 11. Nf3 Ngf6 12. Nxf6+ Qxf6 13. Be5 Bb4+ 14. c3
Nxc3 15. Bxf6 $4 (15. bxc3 Bxc3+ 16. Bxc3 Qxc3+ 17. Nd2 O-O-O $40) 15... Nxd1+
16. Kxd1 gxf6 17. Bd3 O-O-O 18. Kc2 Bc5 19. Nh4 Bxf2 20. Nf5 (20. Nf5 Rxd3 21.
Ne7+ Kd7 22. Kxd3 Kxe7 $19) 0-1

[Event "Huebner-HSK  clock sim 5,5-4,5"]
[Site "Hamburg"]
[Date "1979.03.18"]
[Round "1"]
[White "Huebner, Robert"]
[Black "Kiffmeyer, Constanz"]
[Result "0-1"]
[WhiteElo "2595"]
[BlackElo "2320"]
[Annotator "ChessBase"]
[PlyCount "114"]
[EventDate "1979.03.18"]
[EventType "simul"]
[EventRounds "10"]
[EventCountry "GER"]
[SourceTitle "EXT 2006"]
[Source "ChessBase"]
[SourceDate "2005.11.24"]
[SourceVersion "1"]
[SourceVersionDate "2005.11.24"]
[SourceQuality "1"]

1. e4 Nc6 2. d4 d5 3. Nc3 dxe4 4. d5 Ne5 5. Qd4 Ng6 6. Be3 e5 7. Qxe4 a6 8.
O-O-O Nf6 9. Qc4 Ng4 10. Nf3 Nxe3 11. fxe3 b5 12. Qb3 f5 13. e4 f4 14. h4 Bd6
15. h5 Nf8 16. a4 b4 17. Ne2 Nd7 18. Qc4 O-O 19. a5 Qe7 20. Kb1 Nf6 21. Nc1 Bd7
22. Qe2 Kh8 23. Qe1 c6 24. Bc4 cxd5 25. Bxd5 Nxd5 26. Rxd5 Bc6 27. Rd3 Qe6 28.
h6 g6 29. Ng5 Qf6 30. Nf3 Rac8 31. Qd2 Be7 32. Re1 g5 $17 33. Qd1 Rfd8 34. Nd2
Rxd3 35. cxd3 Bb5 36. Nc4 Rd8 37. Qc2 Qe6 38. Nb3 $2 (38. Rh1) 38... Kg8 $6 (
38... Rxd3 $19) 39. Nbd2 Bc5 (39... g4) 40. Nf3 $2 (40. Rh1) 40... Bxc4 $19 41.
Qxc4 (41. dxc4 g4 42. Nh2 Qd7 $19) 41... Qxc4 42. dxc4 g4 {[#]} 43. Nxe5 f3 $19
(43... b3 $19) 44. g3 b3 $1 45. Nxg4 f2 46. Rf1 Rd2 47. e5 Re2 48. Nxf2 Bxf2
49. e6 Kf8 50. c5 Ke7 51. c6 Kxe6 52. Rc1 Bd4 53. Rd1 Rxb2+ 54. Kc1 Rc2+ 55.
Kb1 Be5 56. Rd3 Rxc6 57. Rxb3 Kf5 0-1

[Event "Match/Team URS-World 21-19"]
[Site "London"]
[Date "1984.06.29"]
[Round "4.10"]
[White "Sokolov, Andrei"]
[Black "Torre, Eugenio"]
[Result "0-1"]
[WhiteElo "2495"]
[BlackElo "2565"]
[Annotator "ChessBase"]
[PlyCount "114"]
[EventDate "1984.06.24"]
[EventType "team"]
[EventRounds "4"]
[EventCountry "ENG"]
[SourceTitle "MCL"]
[Source "ChessBase"]
[SourceDate "1999.07.01"]
[SourceVersion "1"]
[SourceVersionDate "1999.07.01"]
[SourceQuality "1"]

1. e4 Nc6 2. Nf3 d6 3. d4 Nf6 4. Nc3 Bg4 5. d5 Nb8 6. Be2 (6. Bg5 Nbd7 7. Qd2
e5 8. dxe6 fxe6 9. Be2 Be7 10. O-O-O e5 11. Be3 Be6 12. h3 Nb6 {McKay-Castro,
Nice ol 1974}) 6... g6 (6... Nbd7 7. Nd2 Bxe2 8. Qxe2 c6 9. O-O g6 10. Nc4 Bg7
11. Bg5 O-O 12. Rad1 cxd5 13. exd5 a6 14. a4 Rc8 15. a5 Qc7 16. b3 Rfe8 17. Na4
{Lee-Ross, England 1978}) (6... Bxf3 7. Bxf3 g6 $14) 7. Nd4 (7. Bg5 Bg7 8. Nd2
Bxe2 9. Qxe2 c6 10. O-O O-O 11. Rad1 {Averbakh-Lutikov, USSR 1969}) 7... Bxe2
8. Qxe2 c6 9. Bg5 Bg7 10. O-O-O O-O 11. f4 Qb6 12. Rhe1 Rc8 13. Nf3 Na6 14. e5
dxe5 15. d6 $6 exf4 $1 16. d7 Rf8 17. Qxe7 Nd5 18. Qa3 Nab4 19. Nxd5 Nxd5 20.
d8=Q Raxd8 21. Bxd8 Rxd8 22. Qb3 Qc7 23. Rd3 b5 24. c4 bxc4 25. Qxc4 h6 26. h4
a5 27. Re2 Qb6 28. Ne5 Qg1+ 29. Kd2 Rb8 30. Rb3 Rxb3 31. axb3 Bxe5 32. Rxe5
Qxg2+ 33. Re2 Qg3 34. Qxc6 Qxb3 35. Qe8+ Kg7 36. Qe5+ Kh7 37. Ke1 Qg3+ 38. Kd2
Qb3 39. Ke1 Qb4+ 40. Rd2 Ne3 41. Qe8 Kg7 42. Qe5+ Kh7 43. Qe8 Qc4 44. Rd8 Qc1+
45. Ke2 Qf1+ 46. Kd2 Qd1+ 47. Kc3 Qc2+ 48. Kd4 Qc4+ 49. Ke5 Ng4+ 50. Kd6 Qd4+
51. Ke7 Qe5+ 52. Kf8 Qg7+ 53. Ke7 Qe5+ 54. Kf8 Qh8+ 55. Ke7 Qxe8+ 56. Kxe8 f3
57. Rd4 g5 0-1

[Event "Hastings 0102 77th"]
[Site "Hastings"]
[Date "2002.01.05"]
[Round "8"]
[White "Harikrishna, Pentala"]
[Black "Zhang, Zhong"]
[Result "1-0"]
[WhiteElo "2502"]
[BlackElo "2657"]
[Annotator "Dautov,R"]
[PlyCount "81"]
[EventDate "2001.12.29"]
[EventType "tourn"]
[EventRounds "9"]
[EventCountry "ENG"]
[EventCategory "11"]
[SourceTitle "CBM 087"]
[Source "ChessBase"]
[SourceDate "2002.03.21"]
[SourceVersion "1"]
[SourceVersionDate "2002.03.21"]
[SourceQuality "1"]

1. d4 e6 2. e4 b6 3. Nf3 Bb7 4. Bd3 d6 5. O-O Nd7 {Dieses Doppelfiancchetto
darf nicht unterschätzt werden. Zwar genießt Weiß ein kräftiges Zentrum, doch
verfügt Schwarz über alle (!) Möglichkeiten eines zentralen Bauernvortoßes,
von c7-c5 bis f7-f5.} 6. Nc3 ({Mehr verspricht Weiß der Aufbau mit c2-c4,} 6.
c4 g6 7. Nc3 Bg7 8. Be3 $14) 6... g6 7. Bg5 Ne7 8. e5 $6 {Diese
Pseudoaktivität kommt nur Schwarz zugute, bereits im nächsten Zug muß Weiß auf
d6 tauschen und vergibt damit seinen Zentrumsvorteil.} ({Logischer und besser
ist die Belagerung des Punktes h6:} 8. Qd2 h6 9. Be3 {><h6} Bg7 10. Rfe1 Kf8
11. h3 Kg8 12. Nh2 a6 13. f4 c5 14. Bf1 d5 15. exd5 Nxd5 16. Nxd5 Bxd5 17. c4
Bb7 18. Rad1 $14 {Kovalevskaya,E-Gaprindashvili,N/Kishinev 1998}) 8... Bg7 9.
exd6 (9. Be4 Bxe4 10. Nxe4 d5 $11) 9... cxd6 10. Ne4 Qc7 $11 11. Re1 a6 ({
Schwarz steht nicht schlechter, was er mit} 11... h6 {betonen konnte:} 12. Bxe7
(12. Bh4 Nf5) (12. Bd2 Nf5 $11) 12... Kxe7 $11) 12. c3 f6 $5 {Dieses scharfe
Vorgehen im Zentrum ohne Absicherung der Königsstellung birgt ernsthafte
Gefahren in sich.} (12... h6 $11) 13. Bf4 e5 14. dxe5 fxe5 (14... dxe5 $2 15.
Nd6+ Qxd6 16. Bxg6+ Nxg6 17. Qxd6 Nxf4 18. Rad1 Rd8 19. Nh4 $40) 15. Bg5 d5 16.
Ng3 Nc6 (16... Nc5 $2 17. Bxe7 Qxe7 18. Nxe5 Bxe5 19. f4 $16) 17. Be2 Na5 {
Wie kann Weiß die unsichere Königsstellung des Gegners ausnutzen?} 18. Nd4 $1 {
/\Ne6} {Schwarz gibt die Qualität und kann danach die Partie nicht retten.} O-O
$2 (18... exd4 $2 19. Bxa6+ Kf8 20. Qf3+ Kg8 21. Bxb7 Qxb7 22. Re7 Rf8 23. Qg4
$16) (18... Qd6 $2 19. Ngf5 $1 gxf5 20. Nxf5 $18) ({Richtig war} 18... Kf7 $1 {
, und Weiß muß die Kraft seines Angriffes noch beweisen, z.B,} 19. Ngf5 (19.
Bg4 Rhe8) 19... Bf8 20. Nh6+ Bxh6 21. Bxh6 exd4 $17) 19. Ne6 $18 Qc6 20. Nxf8
Rxf8 21. Bd3 Nc4 22. Bxc4 Qxc4 23. Qd2 Rf7 24. Bh6 Bf6 25. Rad1 Qh4 26. Be3 Nc5
27. Bxc5 bxc5 28. Qe3 c4 29. Qc5 Qf4 30. Qe3 Qh4 31. b3 Kg7 32. Qe2 Rc7 33.
bxc4 Qxc4 34. Qxc4 Rxc4 35. Ne4 $1 Be7 36. Nd2 Rc7 37. Rxe5 Bf6 38. Re2 a5 39.
h3 Rxc3 40. Ne4 $1 Rc7 41. Nd6 1-0

[Event "Enghien les Bains 4th"]
[Site "Enghien les Bains"]
[Date "2001.04.17"]
[Round "6"]
[White "Bareev, Evgeny"]
[Black "Bauer, Christian"]
[Result "1-0"]
[WhiteElo "2709"]
[BlackElo "2612"]
[Annotator "Dautov,R"]
[PlyCount "74"]
[EventDate "2001.04.11"]
[EventType "tourn"]
[EventRounds "9"]
[EventCountry "FRA"]
[EventCategory "17"]
[SourceTitle "CBM 083"]
[Source "ChessBase"]
[SourceDate "2001.07.05"]
[SourceVersion "1"]
[SourceVersionDate "2001.07.05"]
[SourceQuality "1"]

1. d4 b6 {Etwas Ungewöhnliches zu spielen ist eine gute Wahl, wenn man gegen
einen Sekundanten von Kramnik antritt.} 2. e4 Bb7 3. Nc3 e6 4. Nf3 Bb4 5. Bd3
Nf6 6. Qe2 ({M.E. ist die bekannte Variante} 6. Bg5 h6 7. Bxf6 Qxf6 8. O-O Bxc3
9. bxc3 d6 10. Nd2 {aussichtsreicher für Weiß.}) 6... d5 7. exd5 (7. e5 Ne4 8.
Bd2 Nxd2 9. Qxd2 Be7 $132) 7... Qxd5 $1 {Ein typischer Zug, die schwarze Dame
hat einen guten Posten auf h5 im Visier.} ({Etwas passiver ist} 7... Nxd5 8.
Bd2 Nxc3 9. bxc3 Be7 10. Ne5 O-O $13) 8. O-O Bxc3 9. bxc3 O-O (9... Nbd7 $5) (
9... Qh5 $5) 10. Bf4 $6 (10. c4 Qh5 11. Ne5 Qxe2 12. Bxe2 Nbd7 {führt zu einem
ausgeglichenen Endspiel.}) 10... Rc8 11. Rfe1 c5 12. dxc5 (12. c4 Qh5 13. c3
Bxf3 14. Qxf3 Qxf3 15. gxf3 cxd4 16. cxd4 Nc6 $15) 12... Qxc5 13. c4 Nbd7 {
Schwarz kam aus der Eröffnung mit einer ausgezeichneten Stellung heraus. Die
Schwäche der weißen c-Bauern ist offensichtlich, aber man darf die Stärke des
Läuferpaares nicht unterschätzen.} 14. a4 Re8 {Schwarz plant e6-e5.} ({In
Frage kam} 14... Qh5 $5 15. a5 bxa5 (15... Bxf3 16. Qxf3 Qxf3 17. gxf3 Nc5 18.
Reb1 Nfd7 $11) 16. Ne5 (16. Bd2 Bxf3 17. Qxf3 Qxf3 18. gxf3 Nb6 $17) 16... Qxe2
17. Rxe2 Ba6 $15) 15. a5 e5 16. Be3 (16. Nxe5 $2 Rxe5 17. Bxe5 Re8 $17) 16...
Qc7 17. Bf5 $2 {Ein sehr riskanter Zug. Bareev opfert zwei Bauern, um die
Stellung zu komplizieren.} (17. axb6 $1 axb6 18. Bf5 $11) 17... bxa5 18. Bd2 e4
19. Nd4 Nb6 20. Bg5 Qxc4 21. Qxc4 Nxc4 22. Reb1 Bd5 $17 23. Rb5 Rad8 24. Rc5 h6
({Am besten war} 24... e3 $1 25. f3 a4 $1 $17 {Da nun 26.Rxa4? an 26...e2
scheitert, bekommt Schwarz die Möglichkeit, seinen Springer auf b6 zu
verankern und damit den Figurenknoten im Zentrum zu lösen.}) 25. Bh4 e3 26. f3
g5 27. Bg3 Nh5 $2 {Wahrscheinlich Zeitnot. Es gab für Schwarz keinen Grund,
die Qualität zu geben.} (27... e2 $1 $15) 28. Bc7 Nf4 29. Bxd8 Rxd8 30. c3 Ne6
31. Bxe6 fxe6 32. Kf1 Rb8 33. Rb5 Nd2+ $2 (33... Rc8 $1 $13) 34. Ke1 Rc8 35.
Rbxa5 Rxc3 36. Rxa7 $18 Kf8 37. R7a3 Rxa3 1-0